| 000 | 01202cam a22003253a 4500 | ||
|---|---|---|---|
| 001 | 17208 | ||
| 003 | PGUSA | ||
| 005 | 20140828083352.0 | ||
| 008 | 051203s2005||||xxu|||||s|||||000 | eng d | ||
| 040 |
_aPGUSA _beng |
||
| 042 | _adc | ||
| 050 | 4 | _aPZ | |
| 050 | 4 | _aPQ | |
| 100 | 1 |
_aPerrault, Charles, _d1628-1703 |
|
| 245 | 1 | 4 |
_aThe Tales of Mother Goose : _bAs First Collected by Charles Perrault in 1696 _h[electronic resource] / _cCharles Perrault |
| 260 |
_bProject Gutenberg, _c2005 |
||
| 505 | 0 | _aCinderella, or the Little Glass Slipper -- The Sleeping Beauty in the Wood -- Little Thumb -- The Master Cat, or Puss in Boots -- Riquet of the Tuft -- Blue Beard -- The Fairy -- Little Red Riding-hood. | |
| 506 | _aPublic domain in the USA. | ||
| 516 | _aElectronic text | ||
| 653 | _aFairy tales | ||
| 653 | _aChildren's stories, French -- Translations into English | ||
| 653 | _aFairy tales -- France | ||
| 700 | 1 | _aMunro, D. J. | |
| 700 | 1 |
_aWelsh, Charles, _d1850-1914 |
|
| 700 | 1 |
_aO'Shea, M. V. _q(Michael Vincent), _d1866-1932 |
|
| 700 | 1 |
_aDoré, Gustave, _d1832-1883 |
|
| 830 | 0 |
_aProject Gutenberg _v17208 |
|
| 856 | 4 | 0 | _uhttp://www.gutenberg.org/ebooks/17208 |
| 942 | _cEB | ||
| 999 |
_c246463 _d246463 |
||